| 000 | 01215nam0a2200337 4500 | ||
|---|---|---|---|
| 001 | RU\NLR\bibl\924272 | ||
| 005 | 20250614191024.0 | ||
| 010 |
_a5-94382-076-0 _93000 |
||
| 021 |
_aRU _b2006-7498 _9358 |
||
| 035 | _a(NLR Aleph) 000912538 | ||
| 090 |
_a48797 _c48797 |
||
| 100 | _a20060331d2006 |||y0rusy50 ca | ||
| 101 | 0 | _arus | |
| 102 | _aRU | ||
| 105 | _aa ||||||||| | ||
| 200 | 1 |
_aОхота по перу _fЛ.В. Сериков, А.О. Филипьечев |
|
| 210 |
_aМосква _cРыбацкая Академия _d2006 |
||
| 215 |
_a223 с. _cил. _d21 |
||
| 225 | 1 | _aСправочник современного охотника | |
| 300 | _aНа обл. авт. не указаны | ||
| 320 | _aБиблиогр.: с. 223 (12 назв.) | ||
| 606 | 1 |
_aОхота на дичь _jПопулярные издания _91006784 _3RU\NLR\auth\66382718 |
|
| 686 | _aП719-7я9 | ||
| 700 | 1 |
_aСериков _bЛ. В. _gЛеонид Викторович _4070 |
|
| 701 | 1 |
_aФилипьечев _bА. О. _gАлексей Олегович _4070 |
|
| 801 | 0 |
_aRU _bNLR _c20060331 _grcr |
|
| 801 | 1 |
_aRU _bNLR _c20060331 |
|
| 830 | _aавт. по кн. | ||
| 942 | _cBOOK | ||
| 980 | _aNB | ||